000 00799nmc a2200265 a 4500
003 AR-BaBNM
005 20251128211526.0
008 024120s2001 ||||||||||||||000 | spa||
020 _a987-538-044-X
040 _cAR-BaBNM
100 1 _aMórtola, Gustavo
245 1 0 _aEstrategias para explorar los medios de comunicación
_bla formación de ciudadanos críticos
260 _aBuenos Aires
_bEdiciones Novedades Educativas
_c2001
300 0 _a126 p.
_bil., tablas
490 0 _aRecursos didácticos
504 _aContiene referencias bibliográficas p. 125-126
650 4 _aNOTICIERO DE TELEVISION
650 4 _aACTIVIDADES DE LA CLASE
650 4 _aMEDIOS DE COMUNICACION
650 4 _aDIARIOS
650 4 _aPUBLICIDAD
650 4 _aTELEVISION
942 _cBK
998 _craquel
999 _c20027
_d20027